| 000 | 00671nam a2200193 i 4500 | ||
|---|---|---|---|
| 001 | 103793 | ||
| 003 | ES-MaACL | ||
| 005 | 20230906183439.0 | ||
| 007 | t| | ||
| 008 | 051118m19591965sp ||||1| spa d | ||
| 100 | 1 |
_aMerriman, Roger Bigelow. _980603 |
|
| 245 | 1 | 0 |
_aLa formación del Imperio Español en el Viejo Mundo y en Nuevo / _cRoger Bigelow Merriman; traducción de Josefina Martínez. |
| 250 | _a[1ª ed.]. | ||
| 260 |
_aBarcelona : _bJuventud, _c1959-65. |
||
| 300 |
_a2 v., 22 lám., 4 map. pleg. ; _c22 cm. |
||
| 651 | 4 |
_aEspaña- _xHistoria- _y0414-1474, Edad media. _98214 |
|
| 700 | 1 |
_aMartínez, Josefina. _977770 |
|
| 852 |
_aES-MaACL _jP-273 _bR.44868 |
||
| 999 |
_c103793 _d103793 |
||